Estudios de literatura griega. (Record no. 60997)

MARC details
000 -LEADER
campo de control de longitud fija 00885nam a2200253 i 4500
001 - NÚMERO DE CONTROL
campo de control 60997
003 - IDENTIFICADOR DE NÚMERO DE CONTROL
campo de control ES-MaACL
005 - FECHA Y HORA DE LA ÚLTIMA TRANSACCIÓN
campo de control 20230906164339.0
007 - CAMPO FIJO DE DESCRIPCIÓN FÍSICA--INFORMACIÓN GENERAL
campo de control de longitud fija t|
008 - DATOS DE LONGITUD FIJA--INFORMACIÓN GENERAL
campo de control de longitud fija 031110s1971 sp ||||1| spa d
080 ## - NÚMERO DE LA CLASIFICACIÓN DECIMAL UNIVERSAL
Número de la Clasificación Decimal Universal 875 Homero 7 Odisea.06
080 ## - NÚMERO DE LA CLASIFICACIÓN DECIMAL UNIVERSAL
Número de la Clasificación Decimal Universal 875 Eurípides 7 Medea.06
245 00 - MENCIÓN DEL TÍTULO
Título Estudios de literatura griega.
260 ## - PUBLICACIÓN, DISTRIBUCIÓN, ETC.
Lugar de publicación, distribución, etc. Madrid :
Nombre del editor, distribuidor, etc. Fundación Pastor de Estudios Clásicos,
Fecha de publicación, distribución, etc. 1971.
300 ## - DESCRIPCIÓN FÍSICA
Extensión 81 p. ;
Dimensiones 24 cm.
490 1# - MENCIÓN DE SERIE
Mención de serie Cuadernos de la Fundación Pastor ;
Designación de volumen o secuencia 18
505 8# - NOTA DE CONTENIDO CON FORMATO
Nota de contenido con formato Contiene: La Odisea como poesía / por Wolgang Schadewalt . Medea exul / por Manuel Fernández-Galiano
600 04 - PUNTO DE ACCESO ADICIONAL DE MATERIA--NOMBRE DE PERSONA
Nombre de persona Homero.
Título de la obra La Odisea.
9 (RLIN) 64114
600 04 - PUNTO DE ACCESO ADICIONAL DE MATERIA--NOMBRE DE PERSONA
Nombre de persona Eurípides.
Título de la obra Medea.
9 (RLIN) 48334
710 2# - ENTRADA AGREGADA--NOMBRE DE ENTIDAD CORPORATIVA
Nombre de entidad corporativa o nombre de jurisdicción como elemento de entrada Fundación Pastor de Estudios Clásicos.
9 (RLIN) 4386
830 1# - PUNTO DE ACCESO ADICIONAL DE SERIE-TÍTULO UNIFORME
Título uniforme Cuadernos de la Fundación Pastor ;
Designación de volumen o secuencia 18
9 (RLIN) 182742
852 ## - LOCALIZACIÓN
Ubicación ES-MaACL
Número de control de estantería C-43097
Holdings
Estatus retirado Estado de pérdida Estado de daño No para préstamo Biblioteca de origen Biblioteca actual Ubicación en estantería Fecha de adquisición Fuente de adquisición Total de préstamos Signatura topográfica completa Código de barras Visto por última vez Precio de reemplazo Tipo de ítem Koha
        Biblioteca del Ateneo de Madrid Biblioteca del Ateneo de Madrid Depósito 2 17/01/2008     C-43097 1063965 23/02/2023 23/02/2023 Libro impreso